| 000 | 00436nam a22001337a 4500 | ||
|---|---|---|---|
| 008 | 110726t1984 xxu||||g |||| 00| 0 ara d | ||
| 020 | _a9777041519 | ||
| 082 |
_222 _a181.07 _bم د ك |
||
| 245 |
_aفى الفكر الإسلامى / _bابراهيم مدكور |
||
| 260 |
_a[القاهرة]: _bسميركو للطباعة و النشر ،[1984 _c[1984]. |
||
| 300 |
_a181ص، _c24سم. |
||
| 653 |
_bGeneral _cJuly2011 |
||
| 942 |
_2ddc _cBB |
||
| 999 |
_c15740 _d15740 |
||